02184nam a2200253 a 4500041000800000100003700008245018700045260005300232300001000285520119300295650001801488650003401506650003101540650003001571650002601601650002101627650003701648650000801685650003501693650000801728662004501736662004301781773010601824 aspa aLondoño Andrade, Camilo José aAspectos estructurales y composición florística de la vegetación xerofítica en los enclaves secos del cañon del río Tulúa y el cañon del río Dagua, Valle del Cauca aBogotábInstituto Alexander von Humboldtc2005 a34 p. aComo resultado de este trabajo se obtuvieron 7 archivos shapefile: de cuerpos de agua, de vías, de centros urbanos y de construcciones en el enclave de Dagua; y de cuerpos de agua, de vías y de construcciones en el enclave Tulúa. Además se aportaron elementos para el análisis espacial de la estructura de la vegetación.Se analizaron los aspectos estructurales y composición florísticade la vegetación xerofífica en los enclaves secos del Cañón d los ríos Dagua y Tulúa.Las diferencias de cada uno de los sitios de muestreo es la expresión del resultado de los factores que intervienen en su formación (clima, geomorfología, hidrología, suelo y las actividades humanas) que al interactuar dan como resultado las distintas coberturas vegetales. Se encontró una mayor riqueza de individuos en la zona de Dagua. El mayor peso ecológico de las especies evaluadas con un DAP mayor a 10 cm en la zona de Tuluá se encuentra distribuido en los generos Tabebuia, Sapindus, Opundia, Clusia, Cinchona, Erytrina, Piper y Lantana. En Dagua el índice de valor de importancia IVI muestra que los géneros con mayor valor son Myrtus, Piper y Xanthophyllum. aBiodiversidad aEstructura de la vegetación aComposición florística aVegetación xerofífica aRiqueza de individuos aPeso ecológico aDiámetro a la altura del pecho aDAP aIndice de valor de importancia aIVI aColombiacRío TuluábValle del Cauca aColombiacRío DaguabValle del Cauca0 05986abdBogotá Informatica documental 2007o024802tInformes de investigaciones IAVH en PDFwxz